00250nam a2200097Ia 4500008004100000082001800041100001600059245004500075260002200120300001000142210430s9999 xx 000 0 und d a620.11 T582 E aR L Timings aEngineering Materials Vol 1cR L Timings aUKbLongmanc1998 a385p.